Statystyki dla Top 5 mistrzów Polski

Kliknij tutaj aby rozwiązać quiz!

Ogólne statystyki

  • Ten quiz został rozwiązany 286 razy
  • Średni wynik to 4 z 5

Statystyki odpowiedzi

Ilość tytułówKlub% Poprawnych
13Legia
Warszawa
100%
7Lech Poznań
93%
Wisła Kraków
84%
14Ruch
Chorzów
74%
Górnik Zabrze
70%

Rozkład punktacji

Percentyl według liczby udzielonych odpowiedzi

Procent ludzi z każdym wynikiem

Twoja historia wyników

Nie rozwiązałeś tego quizu